CUNNINGHAM MANUAL OF PRACTICAL ANATOMY (Record no. 15542)

MARC details
000 -LEADER
fixed length control field 00349nam a22001577a 4500
003 - CONTROL NUMBER IDENTIFIER
control field SGT
020 ## - INTERNATIONAL STANDARD BOOK NUMBER
International Standard Book Number 978-0-19-87937-0
082 ## - DEWEY DECIMAL CLASSIFICATION NUMBER
Classification number 611
Item number C17K
100 ## - MAIN ENTRY--PERSONAL NAME
Personal name KOSHI, RACHEL
245 ## - TITLE STATEMENT
Title CUNNINGHAM MANUAL OF PRACTICAL ANATOMY
250 ## - EDITION STATEMENT
Edition statement 16TH
260 ## - PUBLICATION, DISTRIBUTION, ETC. (IMPRINT)
Place of publication, distribution, etc INDIA
Name of publisher, distributor, etc OXFORD
Year of Publication 2017
300 ## - PAGE DESCRIPTION
No. of Pages 328
650 ## - SUBJECT ADDED ENTRY--TOPICAL TERM
Topical term or geographic name as entry element ANATOMY
942 ## - ADDED ENTRY ELEMENTS (KOHA)
Source of classification or shelving scheme Dewey Decimal Classification
Koha item type Books
942 ## - ADDED ENTRY ELEMENTS (KOHA)
-- 3
Holdings
Withdrawn status Lost status Source of classification or shelving scheme Damaged status Not for loan Collection code Home library Current library Shelving location Date acquired Vendor Name Cost, normal purchase price Volume Information (Serial or Books or Non-Book Material) SGTU Bill Number Total Checkouts Full call number Accession No. (Barcode) Date last seen Bill Date Koha item type Date last borrowed
    Dewey Decimal Classification     MEDICAL SGT Medical Library SGT Medical Library Text Book 13/06/2018 ABC 545.00 2 SGTU 9723   611 C17K FM10669 13/06/2018 15/05/2018 Books  
    Dewey Decimal Classification     MEDICAL SGT Medical Library SGT Medical Library Text Book 13/06/2018 ABC 545.00 2 SGTU 9723   611 C17K FM10670 13/06/2018 15/05/2018 Books  
    Dewey Decimal Classification     MEDICAL SGT Medical Library SGT Medical Library Text Book 13/06/2018 ABC 545.00 2 SGTU 9723 3 611 C17K FM10671 16/10/2024 15/05/2018 Books 10/10/2024